|
|
|
|
| LEADER |
01346nam a2200289 a 4500 |
| 001 |
1964593 |
| 008 |
090507r20051989ii a b 001 0 eng d |
| 010 |
|
|
|a 88014139
|
| 020 |
|
|
|a 8178083868
|
| 040 |
|
|
|a DLC
|c DLC
|d DLC
|
| 082 |
0 |
0 |
|a 530.1/41
|2 19
|
| 100 |
1 |
|
|a Cheng, David K.
|q (David Keun),
|d 1917-
|
| 245 |
1 |
0 |
|a Field and wave electromagnetics /
|c David K. Cheng.
|
| 250 |
|
|
|a 2nd ed.
|
| 260 |
|
|
|a Delhi, India :
|b Pearson Education,
|c 2005 (Reprinted).
|
| 300 |
|
|
|a 719 p. :
|b ill. ;
|c 24 cm.
|
| 490 |
1 |
|
|a The Addison-Wesley series in electrical engineering
|
| 504 |
|
|
|a Includes bibliographical references and index.
|
| 541 |
1 |
|
|e 00013870
|
| 650 |
|
0 |
|a Electromagnetism.
|
| 650 |
|
0 |
|a Field theory (Physics)
|
| 852 |
4 |
|
|a <add your library>
|j <shelf mark>
|
| 942 |
0 |
0 |
|0 1
|
| 999 |
|
|
|c 483
|d 483
|
| 952 |
|
|
|0 0
|1 0
|2 ddc
|4 0
|6 530_141000000000000_CHE_2005
|7 0
|9 438
|a BRACUL
|b BRACUL
|c GEN
|d 2009-05-07
|g 571.00
|l 34
|m 249
|o 530.141 CHE
|p 3010013870
|r 2026-04-19
|s 2026-02-01
|t 1
|w 2009-05-07
|y BK
|
| 952 |
|
|
|0 0
|1 0
|2 ddc
|4 0
|6 530_141000000000000_CHE_2005
|7 0
|9 9519
|a BRACUL
|b BRACUL
|c GEN
|d 2010-04-28
|l 32
|m 303
|o 530.141 CHE
|p 3010013869
|r 2026-01-20
|s 2025-10-13
|t 2
|w 2010-04-28
|y BK
|
| 952 |
|
|
|0 0
|1 0
|2 ddc
|4 0
|6 530_141000000000000_CHE_2005
|7 0
|9 11370
|a BRACUL
|b BRACUL
|c GEN
|d 2010-06-30
|l 34
|m 223
|o 530.141 CHE
|p 3010013872
|q 2026-02-22
|r 2025-03-03
|s 2025-03-03
|t 3
|w 2010-06-30
|y BK
|